[Event "chess.com SpeedChess 2023"]
[Site "chess.com INT"]
[Date "2023.09.08"]
[Round "1.9"]
[White "Firouzja, Alireza"]
[Black "Andreikin, Dmitry"]
[Result "0-1"]
[WhiteTitle "GM"]
[BlackTitle "GM"]
[WhiteElo "2777"]
[BlackElo "2729"]
[WhiteFideId "12573981"]
[BlackFideId "4158814"]
[EventDate "2023.09.04"]
[EventType "k.o."]

1. e4 e5 2. Nf3 Nc6 3. Bc4 Bc5 4. c3 Nf6 5. d3 d6 6. Bg5 h6 7. Bh4 Qe7 8. O-O
Bb6 9. Nbd2 g5 10. Bg3 Rg8 11. d4 h5 12. h4 gxh4 13. Bxh4 Rg4 14. Bb5 Bd7 15.
Nc4 O-O-O 16. Ne3 Rxh4 17. Nxh4 exd4 18. Nef5 Qxe4 19. Re1 Qf4 20. g3 Qg5 21.
Bxc6 bxc6 22. a4 Bxf5 23. a5 Bg4 24. Qd3 Bc5 25. b4 dxc3 26. bxc5 Qxc5 27. Re7
c2 28. Rc1 Bd1 29. Nf5 Nd5 30. Qa6+ Kb8 31. Rxf7 Re8 32. Qf1 Nc3 33. Kh2 Ne2 34.
Rxd1 cxd1=Q 35. Qxd1 Qxf2+ 36. Kh3 Ng1+ 37. Kh4 Nf3+ 38. Kxh5 Rh8+ 39. Kg6 Ne5+
40. Kg7 Nxf7 41. Qb3+ Ka8 42. a6 Rb8 43. Qxf7 Qb2+ 44. Kg6 Qe5 45. Qxc7 Rg8+ 46.
Kf7 Qd5+ 47. Kf6 Qe5+ 48. Kf7 Qd5+ 49. Ke7 c5 50. Qxd6 Qxd6+ 51. Kxd6 c4 52. Ne3
c3 53. Kc5 Rxg3 54. Kd4 Rh3 55. Nc2 Rh6 56. Kxc3 Rxa6 57. Nb4 Rh6 58. Kc4 Kb7
59. Nd3 Rh5 60. Nc5+ Kc6 61. Nb3 Rh4+ 62. Kc3 a6 63. Nd4+ Kd5 64. Nf5 Rf4 65.
Ne3+ Kc5 66. Nd1 Rf3+ 67. Kc2 a5 68. Nc3 Kc4 69. Ne4 Rh3 70. Nd2+ Kb4 0-1

[Event "chess.com SpeedChess 2023"]
[Site "chess.com INT"]
[Date "2023.09.08"]
[Round "1.10"]
[White "Andreikin, Dmitry"]
[Black "Firouzja, Alireza"]
[Result "1/2-1/2"]
[WhiteTitle "GM"]
[BlackTitle "GM"]
[WhiteElo "2729"]
[BlackElo "2777"]
[WhiteFideId "4158814"]
[BlackFideId "12573981"]
[EventDate "2023.09.04"]
[EventType "k.o."]

1. d4 Nf6 2. c4 g6 3. Nc3 Bg7 4. e4 d6 5. h3 Nbd7 6. Bd3 e5 7. d5 O-O 8. g4 Nc5
9. Bc2 c6 10. Nge2 cxd5 11. cxd5 Bd7 12. Ng3 a5 13. g5 Ne8 14. h4 f6 15. Be3
fxg5 16. hxg5 b5 17. Qd2 Rc8 18. Nce2 b4 19. Rh2 Bg4 20. Kf1 Qd7 21. Ng1 Nc7 22.
Kg2 Qf7 23. Bd1 Bd7 24. Be2 Nb5 25. Nf3 Rce8 26. Rah1 Nd4 27. Nxd4 exd4 28. Bxd4
Bxd4 29. Qxd4 Nxe4 30. Rxh7 Qxf2+ 31. Qxf2 Rxf2+ 32. Kg1 Kf8 33. Rh8+ Ke7 34.
R1h7+ Kd8 35. Nxe4 Rxe2 36. Rxd7+ Kxd7 37. Nf6+ Kd8 38. Nxe8 Rxe8 39. Rxe8+ Kxe8
40. Kf2 Kd7 41. Ke3 Kc7 42. Kd4 Kb6 43. Kc4 Ka6 44. a4 Kb6 45. b3 Ka6 46. Kd4
Kb6 47. Kc4 Ka6 48. Kd3 Kb6 49. Kd4 Ka6 50. Ke4 Kb6 51. Kd4 Ka6 52. Ke3 Kb6 53.
Kd3 Ka6 54. Ke4 Kb6 55. Kd4 1/2-1/2

[Event "chess.com SpeedChess 2023"]
[Site "chess.com INT"]
[Date "2023.09.08"]
[Round "1.11"]
[White "Firouzja, Alireza"]
[Black "Andreikin, Dmitry"]
[Result "1/2-1/2"]
[WhiteTitle "GM"]
[BlackTitle "GM"]
[WhiteElo "2777"]
[BlackElo "2729"]
[WhiteFideId "12573981"]
[BlackFideId "4158814"]
[EventDate "2023.09.04"]
[EventType "k.o."]

1. d4 Nf6 2. Nc3 d5 3. Bf4 a6 4. e3 e6 5. Nf3 c5 6. Ne5 Nc6 7. Na4 Qa5+ 8. c3
Nxe5 9. Bxe5 Nd7 10. Bg3 cxd4 11. exd4 b5 12. Nc5 Nxc5 13. dxc5 b4 14. Bd3 bxc3
15. O-O cxb2 16. Rb1 Bxc5 17. Be5 O-O 18. Bxh7+ Kxh7 19. Qh5+ Kg8 20. Bxg7 Kxg7
21. Qg5+ Kh7 22. Qh5+ Kg7 23. Qg5+ Kh7 24. Qh5+ Kg7 1/2-1/2

[Event "chess.com SpeedChess 2023"]
[Site "chess.com INT"]
[Date "2023.09.08"]
[Round "1.12"]
[White "Andreikin, Dmitry"]
[Black "Firouzja, Alireza"]
[Result "0-1"]
[WhiteTitle "GM"]
[BlackTitle "GM"]
[WhiteElo "2729"]
[BlackElo "2777"]
[WhiteFideId "4158814"]
[BlackFideId "12573981"]
[EventDate "2023.09.04"]
[EventType "k.o."]

1. d4 Nf6 2. c4 g6 3. Nc3 Bg7 4. e4 d6 5. h3 Nbd7 6. Bd3 e5 7. d5 Nh5 8. Nge2
Nc5 9. Bc2 O-O 10. Be3 a5 11. Qd2 a4 12. O-O-O a3 13. b4 Na6 14. b5 Nc5 15. Kb1
Nf6 16. g4 Nfd7 17. Nc1 Nb6 18. Qe2 f5 19. gxf5 gxf5 20. Rhg1 f4 21. Bxc5 dxc5
22. Nb3 Qe7 23. Nd2 Kh8 24. Qh5 Bd7 25. Bd3 Bf6 26. Nf3 Rg8 27. Kc2 Raf8 28. Kb3
Be8 29. Qh6 Rxg1 30. Rxg1 Rg8 31. Rxg8+ Kxg8 32. Kxa3 Bf7 33. Kb3 Nc8 34. a4 b6
35. h4 Nd6 36. Ng5 Bg6 37. Ne6 Nf7 38. Qf8+ Qxf8 39. Nxf8 Kxf8 40. a5 bxa5 41.
Ka4 Bxh4 42. f3 Be1 43. d6 Nxd6 44. Nd5 Nc8 45. Nxc7 Nb6+ 46. Kb3 Bf7 47. Na6
Bb4 48. Nb8 Ke7 49. Nc6+ Kd6 50. Bf1 Be6 51. Nd8 h5 0-1

[Event "chess.com SpeedChess 2023"]
[Site "chess.com INT"]
[Date "2023.09.08"]
[Round "1.13"]
[White "Firouzja, Alireza"]
[Black "Andreikin, Dmitry"]
[Result "1-0"]
[WhiteTitle "GM"]
[BlackTitle "GM"]
[WhiteElo "2777"]
[BlackElo "2729"]
[WhiteFideId "12573981"]
[BlackFideId "4158814"]
[EventDate "2023.09.04"]
[EventType "k.o."]

1. c4 e6 2. Nc3 d5 3. d4 Nf6 4. cxd5 exd5 5. Bg5 c6 6. e3 Bf5 7. Qf3 Bg6 8. Bxf6
Qxf6 9. Qxf6 gxf6 10. Nf3 Nd7 11. Nh4 Nb6 12. Be2 Be7 13. g3 Nc4 14. Bxc4 dxc4
15. e4 b5 16. f3 h5 17. O-O-O Rd8 18. Ne2 Rg8 19. Nf4 f5 20. exf5 Bxh4 21. gxh4
Bxf5 22. Rhe1+ Kf8 23. Re5 Bd3 24. Nxd3 cxd3 25. Rxd3 Rg2 26. Rxh5 Rxh2 27. d5
cxd5 28. Rh8+ Ke7 29. Rxd8 Kxd8 30. Rxd5+ Ke8 31. Rxb5 Rxh4 32. Rb8+ Ke7 33.
Rb7+ Ke6 34. Rxa7 Rh1+ 35. Kc2 Rh2+ 36. Kc3 Rf2 37. Ra6+ Ke5 38. Ra5+ Kf4 39. b4
Rxf3+ 40. Kc4 Rf1 41. b5 Rb1 42. Kc5 Ke5 43. b6 Rc1+ 44. Kb5 Kd6 45. Ra8 1-0

[Event "chess.com SpeedChess 2023"]
[Site "chess.com INT"]
[Date "2023.09.08"]
[Round "1.14"]
[White "Andreikin, Dmitry"]
[Black "Firouzja, Alireza"]
[Result "1-0"]
[WhiteTitle "GM"]
[BlackTitle "GM"]
[WhiteElo "2729"]
[BlackElo "2777"]
[WhiteFideId "4158814"]
[BlackFideId "12573981"]
[EventDate "2023.09.04"]
[EventType "k.o."]

1. Nf3 Nf6 2. c4 g6 3. b3 Bg7 4. Bb2 d6 5. g3 O-O 6. Bg2 e5 7. O-O e4 8. Ne1 Re8
9. Nc3 Nc6 10. Nc2 h5 11. Ne3 h4 12. Rb1 h3 13. Bh1 Nd4 14. d3 exd3 15. Qxd3 c5
16. Rbe1 Qa5 17. Ncd5 Nxd5 18. Nxd5 Qxa2 19. Bxd4 Bxd4 20. e3 Bf5 21. Qd1 Bg7
22. Nc7 Be5 23. Bd5 Rac8 24. Nxe8 Rxe8 25. Qf3 Re7 26. e4 Be6 27. Re2 Qa3 28.
Rd1 Bd4 29. Bxe6 Rxe6 30. Qd3 Qb4 31. g4 Rf6 32. Qxh3 Rf4 33. Kg2 a5 34. Qg3 Be5
35. h3 a4 36. bxa4 Qxc4 37. Qd3 Qxa4 38. Rb1 c4 39. Qd5 c3 40. Rxb7 Kg7 41. Rc7
Qb4 42. Re3 Qb2 43. Rf3 Rxf3 44. Kxf3 Kh6 45. h4 1-0

[Event "chess.com SpeedChess 2023"]
[Site "chess.com INT"]
[Date "2023.09.08"]
[Round "1.15"]
[White "Firouzja, Alireza"]
[Black "Andreikin, Dmitry"]
[Result "1-0"]
[WhiteTitle "GM"]
[BlackTitle "GM"]
[WhiteElo "2777"]
[BlackElo "2729"]
[WhiteFideId "12573981"]
[BlackFideId "4158814"]
[EventDate "2023.09.04"]
[EventType "k.o."]

1. e4 e5 2. Nf3 Nc6 3. Bc4 Bc5 4. c3 Nf6 5. d3 d6 6. Bg5 h6 7. Bh4 Qe7 8. O-O
Bb6 9. a4 a6 10. Nbd2 Bd7 11. b4 Nd8 12. d4 g5 13. Bg3 Nh5 14. Kh1 Nf4 15. Bb3
f6 16. Nc4 Ba7 17. Ne3 Nde6 18. b5 a5 19. Nf5 Qf8 20. Nd2 Ng7 21. Nxg7+ Qxg7 22.
Nc4 h5 23. Nxa5 h4 24. Bxf4 gxf4 25. h3 Ke7 26. Nxb7 Be8 27. Na5 Bb6 28. Nc4 Bh5
29. f3 Rag8 30. Ra2 Bf7 31. Nxb6 cxb6 32. Rff2 Rh6 33. a5 Rg6 34. axb6 Bxb3 35.
Qxb3 Rd8 36. Ra7+ Rd7 37. b7 Qf8 38. Ra8 Rd8 39. Qd5 Rg8 40. Rfa2 Qg7 41. Rxd8
Rxd8 42. b8=Q Rd7 43. Ra8 Qg3 44. Qe8# 1-0

[Event "chess.com SpeedChess 2023"]
[Site "chess.com INT"]
[Date "2023.09.08"]
[Round "1.16"]
[White "Andreikin, Dmitry"]
[Black "Firouzja, Alireza"]
[Result "0-1"]
[WhiteTitle "GM"]
[BlackTitle "GM"]
[WhiteElo "2729"]
[BlackElo "2777"]
[WhiteFideId "4158814"]
[BlackFideId "12573981"]
[EventDate "2023.09.04"]
[EventType "k.o."]

1. Nf3 Nf6 2. c4 g6 3. b3 Bg7 4. Bb2 O-O 5. g3 c6 6. Bg2 d5 7. O-O a5 8. d3 a4
9. cxd5 Nxd5 10. Bxg7 Kxg7 11. bxa4 Qa5 12. Qc1 Qxa4 13. Nc3 Nxc3 14. Qxc3+ Kg8
15. Rfb1 Nd7 16. Rb4 Qa3 17. Rb3 Qa5 18. Qb2 Nc5 19. Rb4 Na4 20. Qd2 c5 21. Qh6
f6 22. Rh4 Rf7 23. Rc1 Nc3 24. Qe3 Qa3 25. Rc4 Qxc1+ 26. Qxc1 Nxe2+ 27. Kf1 Nxc1
28. Rxc1 Rxa2 29. Rxc5 Bd7 30. Nd4 e5 31. Nc2 Be6 32. Ne3 Rd7 33. Be4 Kf7 34. g4
Rb2 35. h4 b5 36. h5 b4 37. Rc8 f5 38. hxg6+ hxg6 39. gxf5 gxf5 40. Nxf5 b3 41.
Rb8 Ra2 42. Ne3 Ke7 43. Kg2 Ra4 44. Nf5+ Kf6 45. Ne3 Rdd4 46. Rb6 Ke7 47. Rb5
Rab4 48. Rxe5 b2 49. Nf5+ Kf6 50. Nxd4 Kxe5 51. Nc6+ Kf4 52. Nxb4 b1=Q 53. Nc6
Qb6 54. Ne7 Qd6 55. Ng6+ Kg5 56. f4+ Kf6 57. Ne5 Qd4 58. Kf3 Qa1 59. Kg3 Qe1+
60. Kf3 Qg1 61. Nc6 Bg4# 0-1

[Event "chess.com SpeedChess 2023"]
[Site "chess.com INT"]
[Date "2023.09.08"]
[Round "1.17"]
[White "Firouzja, Alireza"]
[Black "Andreikin, Dmitry"]
[Result "1/2-1/2"]
[WhiteTitle "GM"]
[BlackTitle "GM"]
[WhiteElo "2777"]
[BlackElo "2729"]
[WhiteFideId "12573981"]
[BlackFideId "4158814"]
[EventDate "2023.09.04"]
[EventType "k.o."]

1. e4 e5 2. Nf3 Nc6 3. Bc4 Bc5 4. c3 Nf6 5. d3 h6 6. b4 Be7 7. Qb3 O-O 8. a4 d6
9. O-O Bg4 10. Nbd2 Qd7 11. Re1 Rad8 12. h3 Be6 13. Bd5 Nb8 14. d4 Bxd5 15. exd5
Rfe8 16. c4 exd4 17. Nxd4 c6 18. Bb2 cxd5 19. cxd5 Na6 20. Nf1 Nc7 21. Ne3 Ne4
22. Ndf5 Bf6 23. f3 Bxb2 24. Qxb2 Nf6 25. Nxh6+ gxh6 26. Qxf6 Rxe3 27. Rxe3 Nxd5
28. Qxh6 Nxe3 29. Qxe3 d5 30. Qxa7 d4 31. Qc5 d3 32. b5 d2 33. Rd1 Qd3 34. Qg5+
Kh7 35. Kf2 Qc2 36. Qh5+ Kg8 37. Qg5+ Kh7 38. Qh4+ Kg7 39. Qg4+ Kf8 40. f4 Qxa4
41. Qg5 Rd4 42. Qc5+ Kg7 43. Qg5+ Kf8 44. Qc5+ Ke8 45. Qc8+ Ke7 46. Qc7+ Kf8 47.
Qc5+ 1/2-1/2

[Event "chess.com SpeedChess 2023"]
[Site "chess.com INT"]
[Date "2023.09.08"]
[Round "1.18"]
[White "Andreikin, Dmitry"]
[Black "Firouzja, Alireza"]
[Result "1-0"]
[WhiteTitle "GM"]
[BlackTitle "GM"]
[WhiteElo "2729"]
[BlackElo "2777"]
[WhiteFideId "4158814"]
[BlackFideId "12573981"]
[EventDate "2023.09.04"]
[EventType "k.o."]

1. Nf3 Nf6 2. c4 c6 3. Nc3 d5 4. d4 e6 5. g3 Nbd7 6. Bg2 dxc4 7. O-O Be7 8. e4
O-O 9. a4 a5 10. Bf4 Re8 11. h3 Bb4 12. Qc2 b6 13. Rad1 Bb7 14. Rfe1 Qc8 15. Nd2
Ba6 16. g4 e5 17. dxe5 Nxe5 18. Bxe5 Rxe5 19. f4 Re8 20. e5 Nd5 21. Nde4 Nxf4
22. Nd6 Bxd6 23. exd6 Rxe1+ 24. Rxe1 Qd7 25. Qf5 Qxd6 26. Rf1 Nxg2 27. Qxf7+ Kh8
28. Kxg2 h6 29. Rf5 c5 30. g5 Qc6+ 31. Kg3 Rg8 32. Nd5 Qd6+ 33. Nf4 Bc8 34. Rd5
Qc6 35. Ng6+ Kh7 36. Ne7 Be6 37. g6+ Kh8 38. Nxc6 Bxf7 39. gxf7 Rf8 40. Rd8 1-0

[Event "chess.com SpeedChess 2023"]
[Site "chess.com INT"]
[Date "2023.09.08"]
[Round "1.19"]
[White "Firouzja, Alireza"]
[Black "Andreikin, Dmitry"]
[Result "1-0"]
[WhiteTitle "GM"]
[BlackTitle "GM"]
[WhiteElo "2777"]
[BlackElo "2729"]
[WhiteFideId "12573981"]
[BlackFideId "4158814"]
[EventDate "2023.09.04"]
[EventType "k.o."]

1. e4 e5 2. Nf3 Nc6 3. Bc4 Bc5 4. c3 Nf6 5. d3 d6 6. Bg5 h6 7. Bh4 a6 8. a4 Ba7
9. O-O Rg8 10. b4 g5 11. Bg3 h5 12. h4 gxh4 13. Bxh4 Rg4 14. Nbd2 Be6 15. g3 Qe7
16. Kg2 O-O-O 17. b5 Na5 18. Bxe6+ fxe6 19. bxa6 bxa6 20. d4 Rdg8 21. Qe2 Kb7
22. Rab1+ Bb6 23. Rh1 Ka7 24. dxe5 dxe5 25. Nxe5 Rxh4 26. Rxh4 Qa3 27. Ndc4 Qxc3
28. Nxb6 cxb6 29. Nf3 Nc4 30. e5 Ng4 31. Rxh5 Rg7 32. Rg5 Rxg5 33. Nxg5 Ncxe5
34. Rd1 Qc6+ 35. Qe4 Qe8 36. Nf3 Qh5 37. Rc1 1-0

[Event "chess.com SpeedChess 2023"]
[Site "chess.com INT"]
[Date "2023.09.08"]
[Round "1.20"]
[White "Andreikin, Dmitry"]
[Black "Firouzja, Alireza"]
[Result "0-1"]
[WhiteTitle "GM"]
[BlackTitle "GM"]
[WhiteElo "2729"]
[BlackElo "2777"]
[WhiteFideId "4158814"]
[BlackFideId "12573981"]
[EventDate "2023.09.04"]
[EventType "k.o."]

1. Nf3 Nf6 2. c4 c6 3. Nc3 d5 4. d4 e6 5. cxd5 exd5 6. Qc2 Bd6 7. Bg5 Be6 8. e3
Nbd7 9. Bd3 Qc7 10. Bh4 h6 11. Bg3 O-O 12. O-O Rfe8 13. Nb5 cxb5 14. Qxc7 Bxc7
15. Bxc7 a6 16. Rfc1 Rec8 17. h3 Ne8 18. Bh2 Nb6 19. b3 Nf6 20. Ne5 Ne4 21. Kf1
b4 22. Ke1 a5 23. Nf3 a4 24. Nd2 Rxc1+ 25. Rxc1 axb3 26. axb3 Nc3 27. Bd6 Nc8
28. Bc7 Ne7 29. f3 Nc6 30. Bd6 g6 31. Nb1 Ra1 32. Kd2 Na5 33. Rxc3 bxc3+ 34.
Kxc3 Ra2 35. Nd2 Nc6 36. g4 Na7 37. h4 Bd7 38. Bc5 Nb5+ 39. Bxb5 Bxb5 40. g5 h5
41. e4 Bc6 42. b4 Ra3+ 43. Nb3 Ba4 44. exd5 Rxb3+ 45. Kd2 Rxf3 46. d6 f6 47. b5
Bxb5 48. d5 fxg5 49. hxg5 Rf5 50. Kc3 Rxd5 51. Kb4 Bc6 52. Be3 Kf7 53. Kc4 Ke6
54. Bf4 Kd7 55. Be3 Rf5 56. Kd4 Rf7 57. Ke5 h4 58. Bg1 b5 59. Bh2 b4 60. Kd4 b3
61. Kc3 Rf3+ 62. Kb2 Bd5 63. Be5 h3 64. Ka3 Re3 65. Bf4 Re2 66. Kb4 b2 67. Kc5
b1=Q 68. Kxd5 Qe4+ 0-1

[Event "chess.com SpeedChess 2023"]
[Site "chess.com INT"]
[Date "2023.09.08"]
[Round "1.21"]
[White "Firouzja, Alireza"]
[Black "Andreikin, Dmitry"]
[Result "1-0"]
[WhiteTitle "GM"]
[BlackTitle "GM"]
[WhiteElo "2777"]
[BlackElo "2729"]
[WhiteFideId "12573981"]
[BlackFideId "4158814"]
[EventDate "2023.09.04"]
[EventType "k.o."]

1. e4 e5 2. Nf3 Nc6 3. Bc4 Bc5 4. c3 Nf6 5. d3 h6 6. b4 Bb6 7. a4 a6 8. O-O d6
9. Re1 O-O 10. Nbd2 Ne7 11. Nf1 Ng6 12. Bb3 Nh5 13. d4 Qf6 14. Ne3 Nhf4 15. g3
Nh3+ 16. Kg2 c6 17. Bc2 Ng5 18. Nxg5 hxg5 19. Nc4 Bc7 20. Qh5 g4 21. dxe5 Nxe5
22. Nxe5 Qxe5 23. Qxe5 dxe5 24. Bb3 Re8 25. Rd1 Be6 26. Bxe6 Rxe6 27. Rd7 Rc8
28. Be3 Kf8 29. Rad1 Ke8 30. Bg5 f6 31. Rxg7 Rd8 32. Rxd8+ Bxd8 33. Be3 Rd6 34.
Rxb7 Rd3 35. Ra7 Rxc3 36. Rxa6 Rc4 37. a5 Rxb4 38. Ra8 Kd7 39. a6 Ra4 40. a7 Be7
41. Rb8 c5 42. a8=Q 1-0

[Event "chess.com SpeedChess 2023"]
[Site "chess.com INT"]
[Date "2023.09.08"]
[Round "1.22"]
[White "Andreikin, Dmitry"]
[Black "Firouzja, Alireza"]
[Result "1/2-1/2"]
[WhiteTitle "GM"]
[BlackTitle "GM"]
[WhiteElo "2729"]
[BlackElo "2777"]
[WhiteFideId "4158814"]
[BlackFideId "12573981"]
[EventDate "2023.09.04"]
[EventType "k.o."]

1. d4 d5 2. Nf3 Nf6 3. Bf4 c5 4. e3 Nc6 5. c3 Qb6 6. Qb3 c4 7. Qc2 Bf5 8. Qc1 h6
9. h3 e6 10. Nbd2 Qd8 11. g4 Bh7 12. Bg2 Bd3 13. Ne5 Nxe5 14. Bxe5 Bd6 15. Bxf6
Qxf6 16. Bf1 Bh7 17. Bg2 Bd3 18. Bf1 Bh7 19. Bg2 Bd3 1/2-1/2

[Event "chess.com SpeedChess 2023"]
[Site "chess.com INT"]
[Date "2023.09.08"]
[Round "1.23"]
[White "Firouzja, Alireza"]
[Black "Andreikin, Dmitry"]
[Result "1/2-1/2"]
[WhiteTitle "GM"]
[BlackTitle "GM"]
[WhiteElo "2777"]
[BlackElo "2729"]
[WhiteFideId "12573981"]
[BlackFideId "4158814"]
[EventDate "2023.09.04"]
[EventType "k.o."]

1. e4 c5 2. Nf3 g6 3. d4 cxd4 4. Nxd4 Nf6 5. Nc3 d6 6. f3 Nc6 7. Be3 h5 8. Qd2
Nxd4 9. Bxd4 Bh6 10. Qf2 O-O 11. Bc4 Be6 12. Bb3 Bg7 13. O-O a6 14. Rad1 Qc8 15.
Na4 Bxb3 16. axb3 Nd7 17. Bxg7 Kxg7 18. c4 b5 19. cxb5 axb5 20. Nc3 Qc5 21. b4
Qxf2+ 22. Rxf2 Rfc8 23. Nxb5 Rab8 24. Nc3 Ne5 25. b5 Nc4 26. Re2 Nxb2 27. Rxb2
Rxc3 28. Ra1 Rc5 29. b6 Rc6 30. Rab1 Rb7 31. h4 e5 32. Kf2 f5 33. Ke3 Kf6 34.
Kd3 Ke6 35. Rb5 Kf6 36. R5b3 Ke6 37. Rb5 Ke7 38. R5b3 Kf7 39. Rb4 Kf6 40. Rb5
Rc8 41. Ra5 Rc6 42. Rab5 Ke6 43. R5b4 Kf6 44. Rb5 1/2-1/2

[Event "chess.com SpeedChess 2023"]
[Site "chess.com INT"]
[Date "2023.09.08"]
[Round "1.24"]
[White "Andreikin, Dmitry"]
[Black "Firouzja, Alireza"]
[Result "1/2-1/2"]
[WhiteTitle "GM"]
[BlackTitle "GM"]
[WhiteElo "2729"]
[BlackElo "2777"]
[WhiteFideId "4158814"]
[BlackFideId "12573981"]
[EventDate "2023.09.04"]
[EventType "k.o."]

1. Nf3 d5 2. g3 Nf6 3. Bg2 c5 4. O-O Nc6 5. d4 e6 6. c4 dxc4 7. Qa4 Bd7 8. Qxc4
cxd4 9. Nxd4 Rc8 10. Nc3 Nxd4 11. Qxd4 Bc5 12. Qh4 Bc6 13. Rd1 Qa5 14. Bxc6+
Rxc6 15. Bh6 O-O 16. Bxg7 Bxf2+ 17. Kxf2 Kxg7 18. Kg2 Qe5 19. Qd4 Qxd4 20. Rxd4
a6 21. Rad1 b5 22. a3 Rfc8 23. R1d2 Rc5 24. h3 a5 25. g4 h5 26. Kf3 hxg4+ 27.
hxg4 Rh8 28. Ne4 Nxe4 29. Rxe4 Rh3+ 30. Kg2 Rb3 31. Rf4 Rc7 32. Rf3 Rxf3 33.
exf3 b4 34. axb4 axb4 35. Kg3 Rc4 36. Rd3 Kf6 37. Rd2 Ke7 38. f4 b3 39. Rd3 Rb4
40. g5 Kf8 41. Kf3 Kg7 42. Rc3 Kg6 43. Re3 Kf5 44. Re5+ Kg6 45. Re4 Rb5 46. Re3
Rb4 47. Rc3 Kf5 48. Rc5+ Kg6 49. Rc3 Kf5 50. Rc5+ Kg6 51. Rc3 1/2-1/2

[Event "chess.com SpeedChess 2023"]
[Site "chess.com INT"]
[Date "2023.09.08"]
[Round "1.25"]
[White "Firouzja, Alireza"]
[Black "Andreikin, Dmitry"]
[Result "0-1"]
[WhiteTitle "GM"]
[BlackTitle "GM"]
[WhiteElo "2777"]
[BlackElo "2729"]
[WhiteFideId "12573981"]
[BlackFideId "4158814"]
[EventDate "2023.09.04"]
[EventType "k.o."]

1. e4 c5 2. Nf3 g6 3. d4 cxd4 4. Nxd4 Nf6 5. Nc3 d6 6. f3 Nc6 7. Be3 h5 8. Bc4
Bd7 9. Bb3 Bg7 10. Qd2 Rc8 11. O-O-O Na5 12. Bg5 Nxb3+ 13. axb3 O-O 14. Kb1 a5
15. h3 b5 16. Ndxb5 Qb6 17. Be3 Qb7 18. Na3 Be6 19. Bd4 h4 20. Na4 Rc6 21. Qg5
Rfc8 22. Rd3 Nxe4 23. fxe4 Bxd4 24. Rxd4 Rxc2 25. Qb5 Qxb5 26. Nxb5 Rxg2 27. b4
axb4 28. Rxb4 Rg3 29. Nac3 Bxh3 30. Nd5 Kf8 31. Nd4 g5 32. Rb7 Bg2 33. Re1 h3
34. Nf5 Rd3 35. Ndxe7 Re8 36. Ka2 h2 37. Nc6 Bxe4 38. Rxe4 Rxe4 39. Nh6 Ra4+ 40.
Kb1 h1=Q+ 0-1

[Event "chess.com SpeedChess 2023"]
[Site "chess.com INT"]
[Date "2023.09.08"]
[Round "1.26"]
[White "Andreikin, Dmitry"]
[Black "Firouzja, Alireza"]
[Result "1/2-1/2"]
[WhiteTitle "GM"]
[BlackTitle "GM"]
[WhiteElo "2729"]
[BlackElo "2777"]
[WhiteFideId "4158814"]
[BlackFideId "12573981"]
[EventDate "2023.09.04"]
[EventType "k.o."]

1. Nf3 Nf6 2. c4 c6 3. Nc3 d5 4. cxd5 cxd5 5. d4 Nc6 6. Bf4 Bf5 7. e3 e6 8. Bb5
Bb4 9. O-O O-O 10. Rc1 Rc8 11. Qb3 Bxc3 12. Rxc3 Ne4 13. Rcc1 g5 14. Bg3 g4 15.
Bxc6 bxc6 16. Ne5 Nd2 17. Qa3 Nxf1 18. Kxf1 f6 19. Nxc6 Qd7 20. Ne7+ Qxe7 21.
Qxe7 Rxc1+ 22. Ke2 Rc2+ 23. Ke1 Rxb2 24. Bd6 Rf7 25. Qd8+ Kg7 26. h3 gxh3 27.
gxh3 Bxh3 28. f3 Bf5 29. Bc5 Rxa2 30. Qd6 a5 31. e4 dxe4 32. fxe4 Bxe4 33. Qxe6
Ra1+ 34. Kf2 Bg6 35. d5 Rc1 36. Be7 Rc2+ 37. Kg3 Rc3+ 38. Kh2 Rc2+ 39. Kg1 Rc1+
40. Kf2 Rc2+ 41. Ke1 a4 42. d6 a3 43. d7 a2 44. Bxf6+ Rxf6 45. Qxf6+ Kxf6 46.
d8=Q+ Ke6 47. Qb6+ Kd5 48. Qb5+ Kd4 49. Qb4+ Ke5 50. Qe7+ Kd5 51. Qd7+ Kc5 52.
Qc7+ Kb4 53. Qb6+ Ka3 54. Qa5+ Kb2 55. Qb4+ Ka1 56. Kd1 h5 57. Qb6 Be4 58. Qb4
Bd3 59. Qd4+ Kb1 60. Qxd3 a1=N 61. Qb5+ Ka2 62. Qxh5 Kb2 63. Qb5+ Ka2 64. Qb4
Rb2 65. Qa4+ Kb1 66. Qe4+ Ka2 67. Qa8+ Kb1 68. Qe4+ Ka2 69. Qd3 Nb3 70. Qa6+ Kb1
71. Qd3+ Ka2 72. Qc3 Rd2+ 73. Ke1 Rb2 74. Kd1 Rd2+ 75. Ke1 Rb2 76. Qc4 Rd2 77.
Qa6+ Kb2 78. Qf6+ Ka2 79. Qc3 1/2-1/2

[Event "chess.com SpeedChess 2023"]
[Site "chess.com INT"]
[Date "2023.09.11"]
[Round "1.1"]
[White "Caruana, Fabiano"]
[Black "Abdusattorov, Nodirbek"]
[Result "1/2-1/2"]
[WhiteTitle "GM"]
[BlackTitle "GM"]
[WhiteElo "2786"]
[BlackElo "2716"]
[WhiteFideId "2020009"]
[BlackFideId "14204118"]
[EventDate "2023.09.04"]
[EventType "k.o."]

1. c4 c5 2. Nc3 Nc6 3. g3 g6 4. Bg2 Bg7 5. e3 e6 6. b3 Nge7 7. Ba3 d6 8. Nge2
O-O 9. O-O b6 10. d4 Bb7 11. Qd2 Qc8 12. Rad1 Rd8 13. d5 exd5 14. cxd5 Ne5 15.
f4 Nd7 16. Bb2 Nf5 17. g4 Nh4 18. Ng3 Nxg2 19. Qxg2 c4 20. b4 a5 21. a3 axb4 22.
axb4 Re8 23. e4 Qd8 24. g5 b5 25. h4 Qb6+ 26. Kh2 Re7 27. h5 Rae8 28. h6 Bh8 29.
Rfe1 f6 30. Nf5 fxg5 31. Nxe7+ Rxe7 32. fxg5 Ne5 33. Rf1 Nd3 34. Qf3 Qd8 35. Ba1
Bc8 36. Nxb5 Ne5 37. Qf4 Rf7 38. Qg3 Ng4+ 39. Kh1 Bxa1 40. Rxa1 Rxf1+ 41. Rxf1
Qxg5 42. Nxd6 Qxh6+ 43. Kg1 Bd7 44. e5 Qd2 45. e6 Qd4+ 46. Rf2 Nxf2 47. Qxf2
Qd1+ 48. Kh2 Qh5+ 49. Kg1 Qd1+ 50. Qf1 Qd4+ 51. Qf2 Qd1+ 1/2-1/2

[Event "chess.com SpeedChess 2023"]
[Site "chess.com INT"]
[Date "2023.09.11"]
[Round "1.2"]
[White "Abdusattorov, Nodirbek"]
[Black "Caruana, Fabiano"]
[Result "1-0"]
[WhiteTitle "GM"]
[BlackTitle "GM"]
[WhiteElo "2716"]
[BlackElo "2786"]
[WhiteFideId "14204118"]
[BlackFideId "2020009"]
[EventDate "2023.09.04"]
[EventType "k.o."]

1. d4 Nf6 2. c4 e6 3. Nf3 d5 4. g3 Be7 5. Bg2 O-O 6. Nc3 dxc4 7. Ne5 Nc6 8. Bxc6
bxc6 9. Nxc6 Qe8 10. Nxe7+ Qxe7 11. Qa4 Nd5 12. O-O a5 13. Re1 Rd8 14. Qxc4 Ba6
15. Nxd5 Rxd5 16. Qc6 Qd8 17. Bf4 Rxd4 18. Bxc7 Qc8 19. Rac1 Bb7 20. Qc3 Qd7 21.
Bb6 Rd5 22. Qc7 a4 23. Qxd7 Rxd7 24. f3 Rd2 25. Rb1 Ba6 26. Kf2 Rb8 27. Ba5
Rdxb2 28. Rxb2 Rxb2 29. a3 f6 30. Bb4 Kf7 31. f4 h5 32. Kf3 Kg6 33. h3 Rb3+ 34.
Kf2 h4 35. Rg1 Rb2 36. gxh4+ Kf5 37. Rxg7 Rxe2+ 38. Kf3 Rb2 39. Ra7 Rb3+ 40. Kf2
Bd3 41. Rxa4 Kxf4 42. Bd6+ Kf5 43. Rf4+ Kg6 44. h5+ Kf7 45. h6 Bf5 46. Rh4 Bh7
47. Rg4 Bg6 48. h4 Rb5 49. Bb4 Rh5 50. Kg3 Rxh6 51. a4 Rh5 52. a5 Rd5 53. Rc4
Rd3+ 54. Kf2 Rb3 55. a6 Rb2+ 56. Ke3 e5 57. a7 Ra2 58. Rc7+ Ke6 59. Bc5 Kd5 60.
Rc8 Bf5 61. a8=Q+ Rxa8 62. Rxa8 Kxc5 63. Rf8 Kd5 64. Rxf6 Bb1 65. h5 1-0